000 00309nam a22001337a 4500
008 170928b xxu||||| |||| 00| 0 eng d
020 _a0534574866
041 _aeng
080 _a37
100 _a47
101 _aEDU
245 _aSPECIAL EDUCATION IN CONTEMPORARY SOCIETY
_cGARGIULO,R.M
942 _2udc
_cBK
999 _c30440
_d30440